<?xml version="1.0" encoding="UTF-8"?>
<record
    xmlns:xsi="http://www.w3.org/2001/XMLSchema-instance"
    xsi:schemaLocation="http://www.loc.gov/MARC21/slim http://www.loc.gov/standards/marcxml/schema/MARC21slim.xsd"
    xmlns="http://www.loc.gov/MARC21/slim">

  <leader>01414nam a22002897a 4500</leader>
  <controlfield tag="001">1639</controlfield>
  <controlfield tag="003">FISKH</controlfield>
  <controlfield tag="005">20230912122018.0</controlfield>
  <controlfield tag="008">230912b        cb ||||| |||| 00| 0 khr d</controlfield>
  <datafield tag="020" ind1=" " ind2=" ">
    <subfield code="a">9789924341499</subfield>
  </datafield>
  <datafield tag="040" ind1=" " ind2=" ">
    <subfield code="a">FISKH </subfield>
    <subfield code="b">eng</subfield>
    <subfield code="c">FISKH </subfield>
    <subfield code="d">FISKH </subfield>
  </datafield>
  <datafield tag="082" ind1=" " ind2=" ">
    <subfield code="a">302.23</subfield>
  </datafield>
  <datafield tag="100" ind1=" " ind2=" ">
    <subfield code="a">Boujon, Claude </subfield>
  </datafield>
  <datafield tag="245" ind1=" " ind2=" ">
    <subfield code="a">&#x1787;&#x1798;&#x17D2;&#x179B;&#x17C4;&#x17C7; / </subfield>
    <subfield code="c">&#x1793;&#x17B7;&#x1796;&#x1793;&#x17D2;&#x1792; &#x1793;&#x17B7;&#x1784;&#x1782;&#x17BC;&#x179A;&#x179A;&#x17BC;&#x1794;&#x178A;&#x17C4;&#x1799; &#x1780;&#x17D2;&#x179B;&#x17BC;&#x178A; &#x1794;&#x17CA;&#x17BC;&#x17A0;&#x17D2;&#x179F;&#x17BB;&#x1784; - &#x1794;&#x1780;&#x1794;&#x17D2;&#x179A;&#x17C2;&#x1796;&#x17B8;&#x1797;&#x17B6;&#x179F;&#x17B6;&#x1794;&#x17B6;&#x179A;&#x17B6;&#x17C6;&#x1784;&#x178A;&#x17C4;&#x1799; &#x17A2;&#x17CA;&#x17BC;&#x1785; &#x179F;&#x17BC;&#x179B;&#x17B8;&#x178A;&#x17B6; </subfield>
  </datafield>
  <datafield tag="260" ind1=" " ind2=" ">
    <subfield code="a">Paris : </subfield>
    <subfield code="b">Sipar, </subfield>
    <subfield code="c">2022. </subfield>
  </datafield>
  <datafield tag="300" ind1=" " ind2=" ">
    <subfield code="a">36 pages : </subfield>
    <subfield code="b">color illustrations ; </subfield>
    <subfield code="c">15 &#xD7; 19 cm</subfield>
  </datafield>
  <datafield tag="490" ind1=" " ind2=" ">
    <subfield code="a">&#x178F;&#x179F;&#x17CB;&#x17A2;&#x17B6;&#x1793;!</subfield>
  </datafield>
  <datafield tag="505" ind1=" " ind2=" ">
    <subfield code="a">J
</subfield>
  </datafield>
  <datafield tag="520" ind1=" " ind2=" ">
    <subfield code="a">&#x179B;&#x17C4;&#x1780;&#x178F;&#x17D2;&#x1793;&#x17C4;&#x178F; &#x1793;&#x17B7;&#x1784;&#x179B;&#x17C4;&#x1780;&#x1794;&#x17D2;&#x179A;&#x1795;&#x17C1;&#x17C7;&#x179A;&#x179F;&#x17CB;&#x1793;&#x17C5;&#x1787;&#x17B7;&#x178F;&#x1782;&#x17D2;&#x1793;&#x17B6;&#x17D4; &#x1794;&#x1793;&#x17D2;&#x178F;&#x17B7;&#x1785;&#x1798;&#x17D2;&#x178A;&#x1784;&#x17D7; &#x1796;&#x17BD;&#x1780;&#x1782;&#x17C1;&#x1788;&#x17D2;&#x179B;&#x17C4;&#x17C7;&#x1782;&#x17D2;&#x1793;&#x17B6;&#x1780;&#x17B6;&#x1793;&#x17CB;&#x178F;&#x17C2;&#x1781;&#x17D2;&#x179B;&#x17B6;&#x17C6;&#x1784;&#x17A1;&#x17BE;&#x1784;&#x17D7; &#x17A0;&#x17BE;&#x1799;&#x1780;&#x17CF;&#x1798;&#x17B6;&#x1793;&#x1780;&#x1789;&#x17D2;&#x1787;&#x17D2;&#x179A;&#x17C4;&#x1784;&#x1798;&#x17BD;&#x1799;&#x1798;&#x1780;&#x178A;&#x179B;&#x17CB;&#x17D4; </subfield>
  </datafield>
  <datafield tag="520" ind1=" " ind2=" ">
    <subfield code="a">Mr. Brown and Mr. Gray live close to each other. Gradually, they quarreled more and more, and then a fox came.</subfield>
  </datafield>
  <datafield tag="521" ind1="8" ind2=" ">
    <subfield code="a">500
</subfield>
    <subfield code="b">Lexile estimate
</subfield>
  </datafield>
  <datafield tag="521" ind1="8" ind2=" ">
    <subfield code="a">J
</subfield>
    <subfield code="b">Raz-Plus
</subfield>
  </datafield>
  <datafield tag="650" ind1=" " ind2=" ">
    <subfield code="a">&#x1791;&#x1793;&#x17D2;&#x179F;&#x17B6;&#x1799; </subfield>
    <subfield code="v">&#x1787;&#x1798;&#x17D2;&#x179B;&#x17C4;&#x17C7; </subfield>
    <subfield code="x">&#x1787;&#x1793;&#x1791;&#x17B8;&#x17E3; </subfield>
  </datafield>
  <datafield tag="650" ind1=" " ind2=" ">
    <subfield code="a">Rabits</subfield>
    <subfield code="v">Argument </subfield>
    <subfield code="x">Third person </subfield>
  </datafield>
  <datafield tag="700" ind1=" " ind2=" ">
    <subfield code="a">Boujon, Claude </subfield>
    <subfield code="e">illustrator </subfield>
  </datafield>
  <datafield tag="942" ind1=" " ind2=" ">
    <subfield code="2">ddc</subfield>
    <subfield code="c">KHB</subfield>
    <subfield code="n">0</subfield>
  </datafield>
  <datafield tag="999" ind1=" " ind2=" ">
    <subfield code="c">1639</subfield>
    <subfield code="d">1639</subfield>
  </datafield>
  <datafield tag="952" ind1=" " ind2=" ">
    <subfield code="0">0</subfield>
    <subfield code="1">0</subfield>
    <subfield code="2">ddc</subfield>
    <subfield code="4">0</subfield>
    <subfield code="7">0</subfield>
    <subfield code="8">KH</subfield>
    <subfield code="a">001</subfield>
    <subfield code="b">001</subfield>
    <subfield code="c">KHRS</subfield>
    <subfield code="d">2023-09-12</subfield>
    <subfield code="l">2</subfield>
    <subfield code="o">BOU 302.23</subfield>
    <subfield code="p">2023-0587</subfield>
    <subfield code="r">2026-03-02 10:04:30</subfield>
    <subfield code="s">2026-02-02</subfield>
    <subfield code="t">1</subfield>
    <subfield code="w">2023-09-12</subfield>
    <subfield code="y">KHB</subfield>
  </datafield>
  <datafield tag="952" ind1=" " ind2=" ">
    <subfield code="0">0</subfield>
    <subfield code="1">0</subfield>
    <subfield code="2">ddc</subfield>
    <subfield code="4">0</subfield>
    <subfield code="7">0</subfield>
    <subfield code="8">KH</subfield>
    <subfield code="a">001</subfield>
    <subfield code="b">001</subfield>
    <subfield code="c">KHRS</subfield>
    <subfield code="d">2023-09-12</subfield>
    <subfield code="l">3</subfield>
    <subfield code="o">BOU 302.23</subfield>
    <subfield code="p">2023-0588</subfield>
    <subfield code="r">2025-08-29 14:40:30</subfield>
    <subfield code="s">2025-08-07</subfield>
    <subfield code="t">2</subfield>
    <subfield code="w">2023-09-12</subfield>
    <subfield code="y">KHB</subfield>
  </datafield>
</record>
